| 000 | 00383nam a22001577a 4500 | ||
|---|---|---|---|
| 003 | OSt | ||
| 008 | 240224b |||||||| |||| 00| 0 eng d | ||
| 020 | _a9780553562835 | ||
| 082 |
_a920 _bWAS |
||
| 100 | _aWALTON, Sam | ||
| 245 | _aSam Walton Made in America My Story | ||
| 260 |
_aUSA; _bBantam Books: _c1993. |
||
| 300 | _aix,346p. | ||
| 650 | _aGeneral Books | ||
| 942 |
_2ddc _cREF |
||
| 999 |
_c12790 _d12790 |
||